000 00483nam a22001457a 4500
005 20231212155852.0
008 231212b |||||||| |||| 00| 0 eng d
082 _a629.13
_bAIR-B
245 _aATA-10: Parking / Mooring, Storing & Return to Service (level-1):
_bTraining Manual-Aviation,B1.1 Type Course,
_cSuperior Aviation Training Center(SATC)
260 _aPakistan
_bSATC
300 _a10
500 _aAirbus A318/A318/A321(CFN56/IAE V2500)
650 _aAviation
999 _c34914
_d34914